[Event "FRA-chT1 0910"]
[Site "France"]
[Date "2009.10.18"]
[Round "3.7"]
[White "Seret, Jean Renaud"]
[Black "Picard, Clement"]
[Result "1/2-1/2"]
[WhiteElo "2178"]
[BlackElo "2179"]
[PlyCount "66"]
[EventDate "2009.09.27"]
[EventType "team-tourn"]
[EventRounds "11"]
[EventCountry "FRA"]
[SourceTitle "EXT 2011"]
[Source "ChessBase"]
[SourceDate "2010.11.26"]
[SourceVersion "1"]
[SourceVersionDate "2010.11.26"]
[SourceQuality "1"]

1. e4 e6 2. d4 d5 3. Nd2 Be7 4. Ngf3 Nf6 5. Bd3 c5 6. exd5 exd5 7. dxc5 Bxc5 8. Nb3 Qe7+ 9. Qe2 Qxe2+ 10. Kxe2 Bb6 11. Re1 0-0 12. Kf1 h6 13. Be3 Bxe3 14. Rxe3 Nc6 15. c3 Bg4 16. Nfd4 Rfe8 17. Rae1 Rxe3 18. Rxe3 Re8 19. Rxe8+ Nxe8 20. f3 Bd7 21. Nxc6 bxc6 22. Nc5 Bc8 23. Ke2 Kf8 24. Ke3 Ke7 25. Kd4 Kd6 26. b4 Nc7 27. a4 Ne6+ 28. Nxe6 Bxe6 29. f4 f6 30. g3 Bd7 31. Bg6 Be6 32. Bd3 Bd7 33. Bg6 Be6 1/2-1/2

[Event "FRA-chT2 North 0809"]
[Site "France"]
[Date "2009.01.17"]
[Round "5.5"]
[White "Seret, Jean Renaud"]
[Black "Gosset, Arnaud"]
[Result "1-0"]
[WhiteElo "2183"]
[BlackElo "2149"]
[PlyCount "61"]
[EventDate "2008.10.19"]
[EventType "team-tourn"]
[EventRounds "11"]
[EventCountry "FRA"]
[SourceTitle "EXT 2010"]
[Source "ChessBase"]
[SourceDate "2010.11.25"]
[SourceVersion "1"]
[SourceVersionDate "2010.11.25"]
[SourceQuality "1"]
[WhiteTeam "Gif sur Yvette"]
[BlackTeam "Noyon II"]
[WhiteTeamCountry "FRA"]
[BlackTeamCountry "FRA"]

1. e4 c6 2. d4 d5 3. Nc3 dxe4 4. Nxe4 Bf5 5. Ng3 Bg6 6. Nf3 Nd7 7. h4 h6 8. h5 Bh7 9. Bd3 Bxd3 10. Qxd3 e6 11. Bf4 Qa5+ 12. Bd2 Bb4 13. c3 Be7 14. c4 Qc7 15. 0-0-0 Ngf6 16. Kb1 0-0 17. Ne4 Ng4 18. Qe2 Rad8 19. Nh4 Ngf6 20. f3 c5 21. d5 exd5 22. cxd5 Nxd5 23. Bxh6 Nf4 24. Bxf4 Qxf4 25. g3 Qe5 26. f4 Qe6 27. f5 Qc6 28. h6 gxh6 29. Qg4+ Kh7 30. Nf3 Nf6 31. Rxh6+ 1-0

[Event "FRA-chT2 North 0809"]
[Site "France"]
[Date "2008.10.19"]
[Round "1.2"]
[White "Seret, Jean Renaud"]
[Black "Draoui, Najib"]
[Result "0-1"]
[WhiteElo "2183"]
[BlackElo "2361"]
[PlyCount "68"]
[EventDate "2008.10.19"]
[EventType "team-tourn"]
[EventRounds "11"]
[EventCountry "FRA"]
[SourceTitle "EXT 2010"]
[Source "ChessBase"]
[SourceDate "2010.11.25"]
[SourceVersion "1"]
[SourceVersionDate "2010.11.25"]
[SourceQuality "1"]
[WhiteTeam "Gif sur Yvette"]
[BlackTeam "Chess XV"]
[WhiteTeamCountry "FRA"]
[BlackTeamCountry "FRA"]

1. e4 c5 2. Nf3 e6 3. d4 cxd4 4. Nxd4 a6 5. Bd3 d6 6. 0-0 Nf6 7. Be3 Be7 8. f4 0-0 9. Qf3 Nbd7 10. Nc3 Nc5 11. e5 dxe5 12. fxe5 Nxd3 13. cxd3 Nd7 14. Qg3 Qc7 15. Nf3 f5 16. d4 Nb6 17. Rac1 Qd8 18. Bg5 Bd7 19. Rfd1 Bc6 20. Bxe7 Qxe7 21. Ne2 Nd5 22. Nf4 Nxf4 23. Qxf4 Rad8 24. Nd2 g5 25. Qf2 h5 26. Nc4 f4 27. Nd6 Bd5 28. Rc3 g4 29. Qc2 Qg5 30. Rc7 Qh6 31. Rd3 f3 32. gxf3 gxf3 33. Qf2 Qg6+ 34. Kh1 Qg2+ 0-1

[Event "FRA-chT2 West 0708"]
[Site "France"]
[Date "2008.03.16"]
[Round "9.3"]
[White "Seret, Jean Renaud"]
[Black "Entem, Alan"]
[Result "0-1"]
[WhiteElo "2199"]
[BlackElo "2164"]
[PlyCount "80"]
[EventDate "2007.10.21"]
[EventType "team"]
[EventRounds "11"]
[EventCountry "FRA"]
[SourceTitle "EXT 2009"]
[Source "ChessBase"]
[SourceDate "2008.11.26"]
[SourceVersion "1"]
[SourceVersionDate "2008.11.26"]
[SourceQuality "1"]
[WhiteTeam "Gif sur Yvette"]
[BlackTeam "Quimper"]
[WhiteTeamCountry "FRA"]
[BlackTeamCountry "FRA"]

1. e4 c5 2. Nf3 d6 3. d4 cxd4 4. Nxd4 Nf6 5. Nc3 g6 6. Be2 Bg7 7. 0-0 0-0 8. Be3 Nc6 9. Nb3 Be6 10. f4 Na5 11. e5 Ne8 12. Bd4 Bxb3 13. axb3 Nc6 14. Bb5 dxe5 15. Bc5 Nd6 16. Bxc6 bxc6 17. fxe5 Bxe5 18. Rxa7 Rxa7 19. Bxa7 Qc7 20. Bd4 Nf5 21. Bxe5 Qxe5 22. Re1 Qc5+ 23. Kh1 Qf2 24. Ne4 Qf4 25. Qd7 Qh4 26. g3 Qg4 27. Qxc6 Nd4 28. Qc4 Qf3+ 29. Kg1 Rd8 30. c3 Nc2 31. Rf1 Qe3+ 32. Kh1 Kh8 33. Nf2 Qf3+ 34. Kg1 Ne3 35. Qe4 Qxe4 36. Nxe4 Nxf1 37. Kxf1 f5 38. Nc5 Rd2 39. h3 Rxb2 40. b4 Kg7 0-1

[Event "FRA-chT2 West 0708"]
[Site "France"]
[Date "2008.01.19"]
[Round "5.4"]
[White "Cathelineau, Didier"]
[Black "Seret, Jean Renaud"]
[Result "1/2-1/2"]
[WhiteElo "2183"]
[BlackElo "2199"]
[PlyCount "89"]
[EventDate "2007.10.21"]
[EventType "team"]
[EventRounds "11"]
[EventCountry "FRA"]
[SourceTitle "EXT 2009"]
[Source "ChessBase"]
[SourceDate "2008.11.26"]
[SourceVersion "1"]
[SourceVersionDate "2008.11.26"]
[SourceQuality "1"]
[WhiteTeam "Cergy Pontoise"]
[BlackTeam "Gif sur Yvette"]
[WhiteTeamCountry "FRA"]
[BlackTeamCountry "FRA"]

1. d4 d5 2. c4 c6 3. Nc3 Nf6 4. Nf3 a6 5. c5 Bf5 6. Qb3 Ra7 7. Bf4 Nbd7 8. h3 e6 9. e3 b6 10. cxb6 Qxb6 11. Qxb6 Nxb6 12. Ne5 c5 13. dxc5 Bxc5 14. Nc6 Ra8 15. b4 Bf8 16. a3 Rc8 17. Bxa6 Rxc6 18. Bb5 Kd7 19. Na4 Nxa4 20. Bxa4 Bd6 21. Rc1 Rhc8 22. Ke2 Bxf4 23. Rxc6 Rxc6 24. Rc1 Be5 25. Rxc6 Ke7 26. g4 Bg6 27. f3 d4 28. e4 Nd7 29. b5 Bf4 30. b6 d3+ 31. Kd1 f5 32. exf5 exf5 33. b7 fxg4 34. Rc4 Bb8 35. Bxd7 g3 36. Bc6 Bf5 37. f4 Bxh3 38. Kd2 g2 39. Rc1 Bxf4+ 40. Kxd3 Bf5+ 41. Kc3 Bxc1 42. b8Q g1Q 43. Qc7+ Kf6 44. Qd8+ Ke5 45. Qc7+ 1/2-1/2

[Event "FRA-chT2 West 0708"]
[Site "France"]
[Date "2007.11.25"]
[Round "3.4"]
[White "Seret, Jean Renaud"]
[Black "Chaumont, Adeline"]
[Result "1-0"]
[WhiteElo "2190"]
[BlackElo "2049"]
[PlyCount "93"]
[EventDate "2007.10.21"]
[EventType "team"]
[EventRounds "11"]
[EventCountry "FRA"]
[SourceTitle "EXT 2009"]
[Source "ChessBase"]
[SourceDate "2008.11.26"]
[SourceVersion "1"]
[SourceVersionDate "2008.11.26"]
[SourceQuality "1"]
[WhiteTeam "Gif sur Yvette"]
[BlackTeam "Echiquier Berry Sologne"]
[WhiteTeamCountry "FRA"]
[BlackTeamCountry "FRA"]

1. e4 c6 2. d4 d5 3. Nc3 dxe4 4. Nxe4 Bf5 5. Ng3 Bg6 6. h4 h6 7. Nf3 Nd7 8. h5 Bh7 9. Bd3 Bxd3 10. Qxd3 e6 11. Bf4 Qa5+ 12. Bd2 Qc7 13. 0-0-0 Ngf6 14. Ne4 Nxe4 15. Qxe4 Nf6 16. Qe2 0-0-0 17. Kb1 Bd6 18. Ne5 c5 19. Bf4 Nd5 20. Bg3 cxd4 21. Rxd4 Kb8 22. c4 Nf6 23. Rxd6 Rxd6 24. Nxf7 Qxf7 25. Bxd6+ Ka8 26. Ka1 Rc8 27. b3 Nd7 28. Ba3 Nf6 29. Bb2 Nd7 30. Rd1 Nc5 31. g4 a5 32. Qe3 b6 33. Rd6 Kb7 34. Bd4 Rc6 35. Bxc5 bxc5 36. Qe4 Qe8 37. Kb2 Kc7 38. Rxc6+ Qxc6 39. Qxc6+ Kxc6 40. Kc3 Kd6 41. Kd3 Ke5 42. Ke3 Kf6 43. Ke4 Kg5 44. f3 Kf6 45. f4 g5 46. fxg5+ Kxg5 47. Ke5 1-0

[Event "FRA-chT2 West 0607"]
[Site "France"]
[Date "2007.03.18"]
[Round "9.4"]
[White "Seret, Jean Renaud"]
[Black "Cartier, Nicolas"]
[Result "1-0"]
[WhiteElo "2191"]
[BlackElo "2079"]
[PlyCount "57"]
[EventDate "2006.10.15"]
[EventType "team"]
[EventRounds "11"]
[EventCountry "FRA"]
[SourceTitle "EXT 2008"]
[Source "ChessBase"]
[SourceDate "2007.11.25"]
[SourceVersion "1"]
[SourceVersionDate "2007.11.25"]
[SourceQuality "1"]
[WhiteTeam "Gif sur Yvette"]
[BlackTeam "Guingamp II"]
[WhiteTeamCountry "FRA"]
[BlackTeamCountry "FRA"]

1. e4 c5 2. Nf3 Nc6 3. d4 cxd4 4. Nxd4 Nf6 5. Nc3 e5 6. Ndb5 d6 7. Bg5 a6 8. Na3 b5 9. Nd5 Be7 10. Bxf6 Bxf6 11. c3 Bg5 12. Nc2 Ne7 13. Ncb4 Be6 14. a4 Bxd5 15. Nxd5 0-0 16. Be2 bxa4 17. Rxa4 a5 18. 0-0 Kh8 19. Nxe7 Bxe7 20. Qd5 Qc7 21. Rfa1 Qb6 22. b4 Rac8 23. bxa5 Qb2 24. R4a2 Qxc3 25. a6 Rc5 26. Qb7 Rc7 27. Qb6 Rc6 28. Qb2 Ra8 29. Qb7 1-0

[Event "FRA-chT2 West 0607"]
[Site "France"]
[Date "2006.11.25"]
[Round "2.4"]
[White "Colson, Arnaud"]
[Black "Seret, Jean Renaud"]
[Result "1-0"]
[WhiteElo "2208"]
[BlackElo "2184"]
[PlyCount "55"]
[EventDate "2006.10.15"]
[EventType "team"]
[EventRounds "11"]
[EventCountry "FRA"]
[SourceTitle "EXT 2008"]
[Source "ChessBase"]
[SourceDate "2007.11.25"]
[SourceVersion "1"]
[SourceVersionDate "2007.11.25"]
[SourceQuality "1"]
[WhiteTeam "Chess XV II"]
[BlackTeam "Gif sur Yvette"]
[WhiteTeamCountry "FRA"]
[BlackTeamCountry "FRA"]

1. d4 d5 2. c4 c6 3. Nf3 Nf6 4. Nc3 a6 5. e3 Nbd7 6. b3 g6 7. Bd3 Bg7 8. 0-0 0-0 9. Bb2 Qa5 10. Qd2 dxc4 11. bxc4 Qh5 12. Ne2 Qh6 13. h3 g5 14. Ng3 e6 15. Qa5 g4 16. hxg4 Nxg4 17. Ba3 c5 18. Bxc5 Nxc5 19. Qxc5 Nxe3 20. Rfe1 Ng4 21. Rab1 Rd8 22. d5 exd5 23. cxd5 Qd6 24. Re8+ Bf8 25. Qxd6 Rxd6 26. Bxh7+ Kg7 27. Bf5 Bxf5 28. Nxf5+ 1-0

[Event "FRA-chT2 West 0607"]
[Site "France"]
[Date "2006.10.14"]
[Round "1.2"]
[White "Seret, Jean Renaud"]
[Black "Le Huec, Marc"]
[Result "1-0"]
[WhiteElo "2184"]
[BlackElo "2223"]
[PlyCount "71"]
[EventDate "2006.10.15"]
[EventType "team"]
[EventRounds "11"]
[EventCountry "FRA"]
[SourceTitle "EXT 2008"]
[Source "ChessBase"]
[SourceDate "2007.11.25"]
[SourceVersion "1"]
[SourceVersionDate "2007.11.25"]
[SourceQuality "1"]
[WhiteTeam "Gif sur Yvette"]
[BlackTeam "Bordeaux ASPOM"]
[WhiteTeamCountry "FRA"]
[BlackTeamCountry "FRA"]

1. e4 c5 2. Nf3 d6 3. d4 cxd4 4. Nxd4 Nf6 5. Nc3 g6 6. Be2 Bg7 7. 0-0 0-0 8. Be3 Nc6 9. Nb3 Be6 10. f4 a5 11. Nc1 a4 12. a3 Qa5 13. Bf3 Bc4 14. Re1 Rfd8 15. Nd3 e6 16. Rb1 d5 17. exd5 exd5 18. Bf2 d4 19. Ne4 Nd5 20. g3 Qb5 21. Qd2 Ne3 22. Nb4 Nxb4 23. axb4 Rac8 24. b3 axb3 25. cxb3 Bd3 26. Rbc1 Nc2 27. Red1 Nxb4 28. Rxc8 Rxc8 29. Nd6 Rc2 30. Nxb5 Rxd2 31. Rxd2 Bxb5 32. Bxd4 Ba6 33. Bc5 Nd3 34. Bb6 Bc3 35. Rd1 Kg7 36. Bxb7 1-0

[Event "FRA-chT2B 0506"]
[Site "France"]
[Date "2005.11.20"]
[Round "3.5"]
[White "Di Girolamo, Bruno"]
[Black "Seret, Jean Renaud"]
[Result "0-1"]
[WhiteElo "2039"]
[BlackElo "2156"]
[PlyCount "80"]
[EventDate "2005.10.27"]
[EventType "team-tourn"]
[EventRounds "11"]
[EventCountry "FRA"]
[SourceTitle "EXT 2006"]
[Source "ChessBase"]
[SourceDate "2005.11.24"]
[SourceVersion "1"]
[SourceVersionDate "2005.11.24"]
[SourceQuality "1"]
[WhiteTeam "Lille"]
[BlackTeam "Gif sur Yvette"]
[WhiteTeamCountry "FRA"]
[BlackTeamCountry "FRA"]

1. e4 e5 2. Nc3 Nf6 3. g3 Bb4 4. Bg2 d6 5. Nge2 0-0 6. 0-0 Nbd7 7. d3 c6 8. h3 Qb6 9. a3 Bxc3 10. Nxc3 Rd8 11. Be3 Qc7 12. f4 Nb6 13. fxe5 dxe5 14. Qe2 Qd6 15. Rf3 Rf8 16. Raf1 Be6 17. Rxf6 gxf6 18. Bh6 Nd7 19. Nd5 cxd5 20. exd5 Kh8 21. dxe6 Qxe6 22. Qh5 Rg8 23. g4 Rg6 24. Be4 f5 25. Bxf5 Qb6+ 26. Kg2 Rxh6 27. Qxf7 Qc6+ 28. Kg3 Nf8 29. g5 Rg6 30. h4 Rg7 31. Qh5 Ng6 32. Be4 Qd7 33. Rf6 Nf4 34. Qh6 Rag8 35. Bf5 Qd5 36. Be4 Qd8 37. Rd6 Qe7 38. Bf5 Ng6 39. Rd7 Qf8 40. Bxg6 Rxd7 0-1

[Event "Avoine op 20th"]
[Site "Avoine"]
[Date "2005.07.29"]
[Round "6"]
[White "Seret, Jean Renaud"]
[Black "Serve, Emmanuel"]
[Result "0-1"]
[WhiteElo "2181"]
[BlackElo "1961"]
[PlyCount "154"]
[EventDate "2005.07.23"]
[EventType "swiss"]
[EventRounds "9"]
[EventCountry "FRA"]
[SourceTitle "EXT 2007"]
[Source "ChessBase"]
[SourceDate "2006.11.23"]
[SourceVersion "1"]
[SourceVersionDate "2006.11.23"]
[SourceQuality "1"]

1. e4 Nf6 2. e5 Nd5 3. d4 d6 4. Nf3 dxe5 5. Nxe5 c6 6. c3 Nd7 7. Nxd7 Bxd7 8. Bd3 g6 9. Qf3 Bg7 10. Nd2 Qc8 11. Ne4 Bg4 12. Qg3 f5 13. Nc5 b6 14. Nb3 Qe6+ 15. Kf1 Qd6 16. Bd2 Qxg3 17. hxg3 0-0 18. Re1 Rae8 19. Re6 Rf6 20. Rxf6 Bxf6 21. f3 Bh5 22. Bxf5 gxf5 23. Rxh5 e6 24. Kf2 a5 25. Rh1 Kg7 26. Re1 Kf7 27. Nc1 c5 28. Ne2 a4 29. Rc1 c4 30. Rb1 b5 31. Nf4 Nxf4 32. Bxf4 Ra8 33. Bd6 h5 34. Rh1 Rd8 35. Bc7 Rd7 36. Bb6 Kg6 37. Re1 Kf7 38. g4 hxg4 39. fxg4 fxg4 40. Kg3 Rb7 41. Bc5 Rb8 42. Kxg4 Rg8+ 43. Kf3 Rg5 44. g4 Rg8 45. Rh1 Kg6 46. Bd6 Rd8 47. Bf4 Bg7 48. Ke4 b4 49. Rh5 a3 50. Rg5+ Kf7 51. bxa3 bxc3 52. d5 Bh6 53. dxe6+ Ke7 54. Rc5 Bxf4 55. Kxf4 Rd4+ 56. Ke5 c2 57. Kxd4 c1Q 58. Rxc4 Qxa3 59. Ke5 Qa5+ 60. Kd4 Qxa2 61. Kd3 Kxe6 62. Re4+ Kf6 63. Ke3 Qa3+ 64. Kd4 Kg5 65. Kd5 Qb3+ 66. Kd4 Qd1+ 67. Ke5 Qd8 68. Ke6 Qg8+ 69. Ke5 Qg6 70. Kd4 Qd6+ 71. Ke3 Kh4 72. Kf3 Qg3+ 73. Ke2 Qc3 74. Rf4 Kg3 75. Re4 Kg2 76. Re3 Qc2+ 77. Ke1 Qf2+ 0-1